Relación del nivel de conocimiento y la práctica de higiene de las Madres en la preparación de alimentos en los comedores populares del centro poblado menor Miguel Graú y Nueva Alianza durante el periodo de Mayo / (Registro nro. 7688)

Detalles MARC
000 -LEADER
campo de control de longitud fija 01919cam a22004574i 4500
003 - IDENTIFICADOR DE NÚMERO DE CONTROL
campo de control PE-LiUPU
005 - FECHA Y HORA DE LA ÚLTIMA TRANSACCIÓN
campo de control 20250731165410.0
008 - DATOS DE LONGITUD FIJA--INFORMACIÓN GENERAL
campo de control de longitud fija 151021s2008 pe a grm 000 0 spa d
035 ## - NÚMERO DE CONTROL DEL SISTEMA
Número de control de sistema (Sirsi) a154998
040 ## - FUENTE DE CATALOGACIÓN
Centro catalogador/agencia de origen PE-LiUPU
Lengua de catalogación spa
Centro/agencia transcriptor PE-LiUPU
Normas de descripción rda
099 ## - TEXTO-LIBRO SIGNATURA TOPOGRÁFICA LOCAL (OCLC)
Número de clasificación TEF 2
-- J24 2008
100 1# - ENTRADA PRINCIPAL--NOMBRE DE PERSONA
Nombre de persona Jara Pilco, Cinthia Esperanza
Término indicativo de función/relación autor
245 1# - MENCIÓN DEL TÍTULO
Título Relación del nivel de conocimiento y la práctica de higiene de las Madres en la preparación de alimentos en los comedores populares del centro poblado menor Miguel Graú y Nueva Alianza durante el periodo de Mayo /
Mención de responsabilidad, etc. Cinthia Esperanza Jara Pilco.
264 #0 - PRODUCCIÓN, PUBLICACIÓN, DISTRIBUCIÓN, FABRICACIÓN Y COPYRIGHT
Fecha de producción, publicación, distribución, fabricación o copyright 2008.
300 ## - DESCRIPCIÓN FÍSICA
Extensión 86 hojas :
Otras características físicas ilustraciones;
Dimensiones 30 cm
336 ## - TIPO DE CONTENIDO
Término de tipo de contenido text
Fuente rdacontent
337 ## - TIPO DE MEDIO
Nombre/término del tipo de medio unmediated
Fuente rdamedia
338 ## - TIPO DE SOPORTE
Nombre/término del tipo de soporte volume
Fuente rdacarrier
502 ## - NOTA DE TESIS
Nota de tesis Tesis
Tipo de título (Lic.) --
Nombre de la institución que otorga el título Universidad Peruana Unión,
Año de obtención del título 2008.
504 ## - NOTA DE BIBLIOGRAFÍA, ETC.
Nota de bibliografía, etc. Incluye referencias
520 3# - RESUMEN, ETC.
Sumario, etc. En nuestro país, existen muchas enfermedades relacionadas con la salud del niño, de la madre y d ella comunidad. Sin embargo, las enfermedades gastrointestinales son las mas importantes, las cuales, según los diversos estudios realizados, quedan ubicadas en el tercer puesto de morbi -mortalidad, especialmente producida por la inadecuada higiene y manipulación indebida a los alimentos durante su preparación
526 ## - NOTA DE INFORMACIÓN SOBRE EL PROGRAMA DE ESTUDIO
Nombre del programa Segunda Especialidad En Estadística Aplicada Para Investigación (A Distancia)
526 ## - NOTA DE INFORMACIÓN SOBRE EL PROGRAMA DE ESTUDIO
Nombre del programa Segunda Especialidad En Estadística Aplicada Para Investigación
526 ## - NOTA DE INFORMACIÓN SOBRE EL PROGRAMA DE ESTUDIO
Nombre del programa Ingeniería De Ciberseguridad
526 ## - NOTA DE INFORMACIÓN SOBRE EL PROGRAMA DE ESTUDIO
Nombre del programa Ingeniería De Ciencia De Datos E Inteligencia Artificial
526 ## - NOTA DE INFORMACIÓN SOBRE EL PROGRAMA DE ESTUDIO
Nombre del programa Ingeniería De Software
526 ## - NOTA DE INFORMACIÓN SOBRE EL PROGRAMA DE ESTUDIO
Nombre del programa
526 ## - NOTA DE INFORMACIÓN SOBRE EL PROGRAMA DE ESTUDIO
Nombre del programa Comunicación Y Periodismo
526 ## - NOTA DE INFORMACIÓN SOBRE EL PROGRAMA DE ESTUDIO
Nombre del programa Maestría En Ingeniería De Sistemas Con Mención En Dirección Y Gestión De Tecnologías De Información (Semipresencial)
526 ## - NOTA DE INFORMACIÓN SOBRE EL PROGRAMA DE ESTUDIO
Nombre del programa Maestría En Ingeniería De Sistemas Con Mención En Dirección Y Gestión De Tecnologías De Información (A Distancia)
526 ## - NOTA DE INFORMACIÓN SOBRE EL PROGRAMA DE ESTUDIO
Nombre del programa Doctorado en ingeniería de sistemas
526 ## - NOTA DE INFORMACIÓN SOBRE EL PROGRAMA DE ESTUDIO
Nombre del programa Maestría en ingeniería de sistemas con mención en Ingeniería de software
526 ## - NOTA DE INFORMACIÓN SOBRE EL PROGRAMA DE ESTUDIO
Nombre del programa Maestría en ingeniería de sistemas con mención en Dirección y gestión de tecnologías de información
526 ## - NOTA DE INFORMACIÓN SOBRE EL PROGRAMA DE ESTUDIO
Nombre del programa Ingeniería de sistemas
526 ## - NOTA DE INFORMACIÓN SOBRE EL PROGRAMA DE ESTUDIO
Nombre del programa Educación secundaria, especialidad matemática e informática
596 ## -
-- 1
650 04 - PUNTO DE ACCESO ADICIONAL DE MATERIA--TÉRMINO DE MATERIA
Término de materia o nombre geográfico como elemento de entrada Comedores populares
Subdivisión general Condiciones higiénicas.
700 1# - ENTRADA AGREGADA--NOMBRE PERSONAL
Nombre de persona Huamán Villanueva, Elena Ruth
Término indicativo de función/relación autor
942 ## - ELEMENTOS DE ENTRADA SECUNDARIOS (KOHA)
Fuente del sistema de clasificación o colocación Clasificación Decimal Dewey
Tipo de ítem Koha Tesis
999 ## - NÚMEROS DE CONTROL DE SISTEMA (KOHA)
-- J24 2008
-- ALPHANUM
-- T01098
-- CCODEBUL3
-- BUL
-- 1
-- Y
-- TESIS
-- 2015-10-21
-- SALUD
-- P22
-- .STAFF. Tesis
980 ## - EQUIVALENCIA O REFERENCIA-CRUZADA-MENCIÓN DE SERIE--NOMBRE DE PERSONA/TÍTULO [LOCAL, CANADÁ]
ID del último usuario que modificó el registro 1
Nombre del último usuario que modificó el registro ALBERTO SANCHEZ Responsable de Automatización
Existencias
Visto por última vez Total de préstamos Signatura topográfica completa Código de barras Copia número Fecha de reemplazo Facultad Tipo de ítem Koha Nota pública Estado de pérdida Fuente del sistema de clasificación o colocación No para préstamo Colección Programa académico Biblioteca de origen Biblioteca actual Ubicación en estantería Fecha de adquisición
2022-07-06   TEF 2 T01098 e1 2015-10-21 FSALUD Tesis Este Ítem NO se presta por ser Ejemplar #1. No Perdido Clasificación Decimal Dewey No disponible para préstamos Colección Tesis Enfermería Biblioteca CRAI UPeU Lima Biblioteca CRAI UPeU Lima Estante de Tesis 2015-10-21